FORMULATION CHARACTERIZATION, AND STABILITY OF PROTEIN DRUGS (Record no. 33117)

MARC details
000 -LEADER
fixed length control field 00357nam a22001457a 4500
003 - CONTROL NUMBER IDENTIFIER
control field SGT
020 ## - INTERNATIONAL STANDARD BOOK NUMBER
International Standard Book Number 9788184892918
082 ## - DEWEY DECIMAL CLASSIFICATION NUMBER
Classification number 615.1
Item number PEA
100 ## - MAIN ENTRY--PERSONAL NAME
Personal name PEARLMAN, RODENY
245 ## - TITLE STATEMENT
Title FORMULATION CHARACTERIZATION, AND STABILITY OF PROTEIN DRUGS
260 ## - PUBLICATION, DISTRIBUTION, ETC. (IMPRINT)
Place of publication, distribution, etc BOSTON
Name of publisher, distributor, etc SPRINGER PUB
Year of Publication 1996
300 ## - PAGE DESCRIPTION
No. of Pages 432
650 ## - SUBJECT ADDED ENTRY--TOPICAL TERM
Topical term or geographic name as entry element PROTEIN DRUGS
942 ## - ADDED ENTRY ELEMENTS (KOHA)
Source of classification or shelving scheme Dewey Decimal Classification
Koha item type Books
Holdings
Withdrawn status Lost status Source of classification or shelving scheme Damaged status Not for loan Collection code Home library Current library Shelving location Date acquired Vendor Name Cost, normal purchase price SGTU Bill Number Total Checkouts Full call number Accession No. (Barcode) Date last seen Bill Date Koha item type
    Dewey Decimal Classification   Not For Loan SCIENCE SGT Science & Social Sciences Library SGT Science & Social Sciences Library Reference Book 01/11/2025 ABC 2495.00 SGTU 21721   615.1 PEA DP1614 01/11/2025 17/09/2025 Books